Statistics for Guess The Horror Game From The Main Antagonist #2

Click here to take the quiz!

General Stats

  • This quiz has been taken 28 times
  • The average score is 9 of 30

Answer Stats

Main AntagonistHorror Game% Correct
Jason VoorheesFriday the 13th: The Game
71%
NemesisResident Evil 3: Nemesis
71%
Pyramid HeadSilent Hill 2
71%
G-Man (Technically up for debate whether or not he is the villain)Half-Life
64%
Huggy WuggyPoppy Playtime
64%
MonikaDoki Doki Literature Club
43%
Eddie GluskinOutlast: Whistleblower
43%
CharlesChoo Choo Charles
36%
The MarkerDead Space 2
36%
Alma WadeF.E.A.R.
36%
The Moon PresenceBloodborne
29%
The SpiderdemonDoom
29%
The Thin ManLittle Nightmares II
29%
Lionel StarkweatherManhunt
29%
Father TheodoreThe Evil Within 2
29%
Serial Killer XCondemned
21%
Ose KurosawaFatal Frame
21%
The Dark PresenceAlan Wake
14%
MalakDark Deception
14%
The Gracewind GoatmanDo You Copy?
14%
Gary MillerFAITH: The Unholy Trinity
14%
Aaron PetersonHello Neighbor: Hide and Seek
14%
The CEOInside
14%
The TankLeft 4 Dead
14%
AdlerSignalis
14%
The BogeymanThe Park
14%
The TormentorTormentor
14%
Adolf HitlerZombie Army 4: Dead War
14%
Dr. Mathew CrossThe Forest
7%
AdamWelcome to the Game
7%

Score Distribution

Percentile by Number Answered

Percent of People with Each Score

Your Score History

You have not taken this quiz